Φορτώνει......

Out of sight :from quarks to living cells/

Λεπτομέρειες βιβλιογραφικής εγγραφής
Κύριος συγγραφέας: Kullander Sven
Μορφή: Printed Book
Έκδοση: cambridge CUP 1992
LEADER 00417 a2200109 4500
082 |a 523 KUL/O 
100 |q Kullander Sven 
245 |a Out of sight :from quarks to living cells/  |c by Sven Kullander and Borje Larsson 
260 |a cambridge  |b CUP  |c 1992 
942 |c BK 
999 |c 168097  |d 168097 
952 |0 0  |1 0  |2 ddc  |4 0  |6 523_000000000000000_KUL_O  |7 0  |9 186004  |a PHY  |b PHY  |c ST1  |d 2010-07-31  |i 2746  |l 0  |o 523 KUL/O  |p PHY2746  |r 2010-07-31  |w 2010-07-31  |y BK